Pretty Little Liars Characters Last Names - Statistics

General Stats
  • This quiz has been taken 1,076 times
  • The average score is 32 of 41
Answer Stats
First Answer % Correct
Emily fields
98%
Pam fields
98%
Wayne fields
98%
Spencer hastings
98%
Melissa hastings
98%
Veronica hastings
98%
Peter hastings
98%
Hanna marin
97%
Ashley marin
97%
Tom marin
97%
Aria montgomery
97%
Mike montgomery
97%
Ella montgomery
97%
Byron montgomery
97%
Ezra fitz
94%
Alison dilaurentis
92%
Charlotte dilaurentis
92%
Jason dilaurentis
92%
Jessica dilaurentis
92%
Kenneth dilaurentis
92%
Cece drake
92%
Mary drake
92%
Noel kahn
84%
Toby cavanaugh
81%
Darren wilden
79%
Caleb rivers
78%
Maya st germain
72%
Nate st germain
72%
Mona vanderwaal
69%
Ian thomas
67%
Wren kingston
61%
Paige mccullers
60%
Garrett reynolds
59%
Anne sullivan
48%
Lucas gottesman
46%
Jackie molina
41%
Kate randall
37%
Isabell randall
37%
Alex santiago
37%
Meredith sorenson
28%
Sean Packard
2%
No matching quizzes found
Score Distribution
Percent of People with Each Score
Percentile by Number Answered
Your Score History
You have not taken this quiz